LEADER 01391nam a2200301 i 4500 001 000000153517 003 CaOOAMICUS 005 20090401000000.0 008 090401s1964 it u000 u ita u 013 $a130860 040 $aSeMil$bita 245 10$aPolonia :$bla pittura del 15. secolo /$cprefazione [a cura di] René Huyghe ; introduzione [a cura di] Michal Walicki. 260 $aMilano :$bSilvana Editoriale d'Arte,$ccopyr. 1964. 260 $a[New York] :$bNew York Graphic Society,$ccopyr. 1964. 300 $a21 p., [32] c. di tav. :$bill. ;$c48 cm. 490 0 $aCollezione UNESCO dell'arte mondiale 500 $aFondo Card. Giovanni Colombo. 650 4$aPolonia - Pittura - Sec. 15.$0(OLS)http://semarc/subject/30031 700 1 $aWalicki, Michal.$0(OLS)http://semarc/name/60118 700 1 $aHuyghe, René.$0(OLS)http://semarc/name/6833 830 0$aCollezione UNESCO dell'arte mondiale.$0(OLS)http://semarc/title/401751 850 $aSeMil 852 $aSeMil$W1$xVenegono$y1$m5O XII 15$j105452$B105452$CSeMilBibl$Z2$F140696 $8I 941 1 $a3 961 $aLascito: Colombo Card. Giovanni 996 $6245$aPolonia :$bla pittura del 15. secolo$9(OLS)http://semarc/title/224655 996 $6260$a[New York] :$bNew York Graphic Society$9(OLS)http://semarc/publisher/35429 996 $6260$aMilano :$bSilvana Editoriale d'Arte$9(OLS)http://semarc/publisher/34189 LEADER 01058nam a2200253 i 4500 001 000000181582 003 CaOOAMICUS 005 20150305000000.0 008 150305s1981 it u000 u ita u 013 $a159453 040 $aSeMil$bita 100 1 $aRosmini, Antonio,$c.$0(OLS)http://semarc/name/405 245 10$aAntropologia in servizio della scienza morale :$blibri quattro /$ca cura di François Evain. 300 $a590 p. 500 $aFondo card. Giovanni Colombo. 700 1 $aEvain, François.$0(OLS)http://semarc/name/32294 773 0 $aRosmini, Antonio $tOpere edite ed inedite di Antonio Rosmini.$dRoma : Istituto di studi filosofici$g24$w()31530 850 $aSeMil 852 $aSeMil$W1$xVenegono$y1$m3GC IV 148$j132287$B132287$CSeMilBibl$Z2$F144161 $8B 900 1 $aRosmini Serbati, Antonio. 941 1 $a3 961 $aLascito: Colombo Card. Giovanni 996 $6245$aAntropologia in servizio della scienza morale :$blibri quattro$9(OLS)http://semarc/title/101088